| 000 | 00921nac a22002655a 4500 | ||
|---|---|---|---|
| 008 | 100228r20071995njua||||r|||| 001 0 eng d | ||
| 010 | _a 2007271939 | ||
| 020 | _a013156174X | ||
| 020 | _a9780131561748 | ||
| 040 |
_aEG-Sb BUE _beng _cEG-Sb BUE |
||
| 082 | 0 | 4 |
_a624.1762 _bCHO _222 |
| 100 | 1 |
_aChopra, Anil K. _912032 |
|
| 245 | 1 | 0 |
_aDynamics of structures : _btheory and applications to earthquake engineering / _cAnil K. Chopra. |
| 250 | _a3rd ed. | ||
| 260 |
_aUpper Saddle River : _bPearson Prentice Hall, _c2007. |
||
| 300 |
_axxxiv, 876 p. : _bill. ; _c25 cm. |
||
| 490 | _aPrentice Hall international series in civil engineering and engineering mechanics | ||
| 500 | _aIndex : p. 865-876. | ||
| 590 | _aDoha | ||
| 650 | 0 |
_aEarthquake engineering. _912033 _2BUEsh |
|
| 650 | 0 |
_aStructural dynamics. _912034 _2BUEsh |
|
| 651 | _2BUEsh | ||
| 653 |
_cAugust2015 _bENGCIV _bENGMEC |
||
| 942 |
_cBB _2ddc |
||
| 999 |
_c2495 _d2495 |
||